Fit for business English. Korespondence /

Hlavní autor: Tilley, Robert
Jazyk: Čeština
Angličtina
Vydáno: Praha : Grada, 2005
Vydání: 1. vyd.
Edice: Step by step (Grada)
Témata:
Externí odkaz: Digitalizovaný dokument
Fyzický popis: 176 s. ; 19 cm
Knihy
Uloženo v:
LEADER 02015nam a2200565 a 4500
001 nkc20051574736
003 CZ PrNK
005 20051125110127.0
007 ta
008 050708s2005 xr g f 000 0 cze
015 |a cnb001574736 
020 |a 80-247-1179-6  |q (brož.) 
035 |a (OCoLC)85157823 
040 |a BOA001  |b cze  |d ABA001 
041 1 |a cze  |a eng  |h ger 
072 7 |a 811.111  |x Angličtina  |2 Konspekt  |9 11 
080 |a 811.111  |2 MRF 
080 |a 316.776  |2 MRF 
080 |a 005.91:82-6  |2 MRF 
080 |a 81'373.46  |2 MRF 
080 |a (035)  |2 MRF 
100 1 |a Tilley, Robert  |7 vse2005278907  |4 aut 
245 1 0 |a Fit for business English.  |p Korespondence /  |c Robert Tilley ; [přeložila Nora Martíšková] 
246 1 |i Název na rubu tit. s.:  |a Fit for business English - korespondence 
246 3 |a Business English - korespondence 
246 3 0 |a Korespondence 
250 |a 1. vyd. 
260 |a Praha :  |b Grada,  |c 2005 
300 |a 176 s. ;  |c 19 cm 
490 1 |a Step by step 
500 |a Přeloženo z němčiny 
500 |a Český a anglický text 
650 0 7 |a angličtina  |7 ph114056  |2 czenas 
650 0 7 |a obchodní korespondence  |7 ph115515  |2 czenas 
650 0 7 |a obchodní komunikace  |7 ph123556  |2 czenas 
650 0 7 |a oborová terminologie  |7 ph138998  |2 czenas 
650 0 9 |a English language  |2 eczenas 
650 0 9 |a commercial correspondence  |2 eczenas 
650 0 9 |a communication in business  |2 eczenas 
650 0 9 |a terminology (professional)  |2 eczenas 
655 7 |a příručky  |7 fd133209  |2 czenas 
655 9 |a handbooks and manuals  |2 eczenas 
765 0 |t Fit to business English - Korrespondenz  |9 Česky 
830 0 |a Step by step (Grada)  |0 s 
856 4 1 |u http://www.digitalniknihovna.cz/mzk/uuid/uuid:842ca6d0-5257-11e6-a5c5-005056827e51  |y Digitalizovaný dokument  |x NDK 
910 2 |a BOA001  |b 1-1155.142 
990 |a BK 
995 |a 01 
991 |b 200507  |c NOV 
996 6 |b 2610255321  |c 1-1155.142  |l MZK  |r Sklad / do 1 hodiny  |n 6  |p p.v.  |w 000781638  |u 000010  |a 1  |e BOA001  |j MZK50  |s P